Naturaleza de la transmisión de los derechos en la escisión y fusión de sociedades (Registro nro. 27535)

Detalles MARC
000 -LEADER
fixed length control field 00382 a2200109 4500
001 - CONTROL NUMBER
control field ART_18339
005 - DATE AND TIME OF LATEST TRANSACTION
control field 20260410161919.0
008 - FIXED-LENGTH DATA ELEMENTS--GENERAL INFORMATION
fixed length control field 260409a
100 1# - MAIN ENTRY--PERSONAL NAME
Personal name Otero Errill, Francisco J.
245 10 - TITLE STATEMENT
Title Naturaleza de la transmisión de los derechos en la escisión y fusión de sociedades
773 0# - HOST ITEM ENTRY
Title La información
Related parts - Tomo XXXIII, Nº 557 (mayo 1976)
Record control number REV14902

No hay ítems disponibles.